| 000 | 00522nam a22001817a 4500 | ||
|---|---|---|---|
| 003 | LC | ||
| 005 | 20170317115058.0 | ||
| 008 | 170317b xxu||||| |||| 00| 0 eng d | ||
| 020 | _a9781439049655 | ||
| 050 | _aQD 42 H251 2011 | ||
| 100 | _aHanson, David | ||
| 245 | _aGuided explorations in general chemistry | ||
| 250 | _a2nd ed. | ||
| 260 |
_aBelmont, Calif. : _bBrooks/Cole Cengage Learning _c2011. |
||
| 650 |
_aChemistry _xProblems, exercises, etc. |
||
| 650 |
_aChemistry _xStudy and teaching |
||
| 942 |
_2lcc _cBK |
||
| 999 |
_c323218 _d323218 |
||